The noble scholar, jurist, historian


 His Excellency Dr. Abdul Wahhab bin Ibrahim Abu Sulaiman, may Allah have mercy on him.


 He was born in Umm Al-Qura in the year 1356 AH.

النفحة الحسنية على التحفة السنية في علم الفرائض / (Record no. 14408)

MARC details
000 -LEADER
fixed length control field 01482cam a22002771i 4500
003 - CONTROL NUMBER IDENTIFIER
control field SA-RiAUC
005 - DATE AND TIME OF LATEST TRANSACTION
control field 20260220132747.0
008 - FIXED-LENGTH DATA ELEMENTS--GENERAL INFORMATION
fixed length control field 260219q19001999su g 000 0 ara c
040 ## - CATALOGING SOURCE
Original cataloging agency SA-JeALM
Language of cataloging ara
Transcribing agency SA-RiAUC
Description conventions rda
082 04 - DEWEY DECIMAL CLASSIFICATION NUMBER
Classification number 253.901
090 ## - LOCALLY ASSIGNED LC-TYPE CALL NUMBER (OCLC); LOCAL CALL NUMBER (RLIN)
Classification number (OCLC) (R) ; Classification number, CALL (RLIN) (NR) م ن 253.901
Local cutter number (OCLC) ; Book number/undivided call number, CALL (RLIN) م س ا
100 1# - MAIN ENTRY--PERSONAL NAME
Personal name المساوي، محسن بن علي بن عبد الرحمن،
Dates associated with a name 1323-1354 هجري
Relator term مؤلف.
245 12 - TITLE STATEMENT
Title النفحة الحسنية على التحفة السنية في علم الفرائض /
Statement of responsibility, etc. محسن بن علي المساوي ؛ راجعه وعلق على حواشيه محمد ياسين الفاداني.
250 ## - EDITION STATEMENT
Edition statement الطبعة الرابعة.
264 #1 - PRODUCTION, PUBLICATION, DISTRIBUTION, MANUFACTURE, AND COPYRIGHT NOTICE
Place of production, publication, distribution, manufacture مكة المكرمة :
Name of producer, publisher, distributor, manufacturer المكتبة العلمية،
Date of production, publication, distribution, manufacture, or copyright notice [بين 1900 و1999]
300 ## - PHYSICAL DESCRIPTION
Extent 52 صفحة؛
Dimensions 29 سم.
336 ## - CONTENT TYPE
Content type term نص
Content type code txt
Source rdacontent
Materials specified كتاب
337 ## - MEDIA TYPE
Media type term بدون وسيط
Media type code n
Source rdamedia
338 ## - CARRIER TYPE
Carrier type term مجلد
Carrier type code nc
Source rdacarrier
650 #7 - SUBJECT ADDED ENTRY--TOPICAL TERM
Topical term or geographic name entry element المواريث (فقه إسلامي)
Source of heading or term aucsh
700 1# - ADDED ENTRY--PERSONAL NAME
Personal name الفاداني، محمد ياسين بن محمد عيسى،
Dates associated with a name 1335-1411 هجري
Relator term مراجع.
700 12 - ADDED ENTRY--PERSONAL NAME
Personal name المشاط، حسن بن محمد،
Dates associated with a name 1319-1399 هجري
Title of a work التحفة السنية في أحوال الورثة الأربعينية في علم الفرائض.
740 22 - ADDED ENTRY--UNCONTROLLED RELATED/ANALYTICAL TITLE
Uncontrolled related/analytical title التحفة السنية في أحوال الورثة الأربعينية في علم الفرائض.
942 ## - ADDED ENTRY ELEMENTS (KOHA)
Source of classification or shelving scheme Dewey Decimal Classification
Koha item type كتاب مصور نادر
Suppress in OPAC No
949 ## - LOCAL PROCESSING INFORMATION (OCLC)
a SA-JeALM
d 260219
u mohamedma123
n 1
Holdings
Withdrawn status Lost status Source of classification or shelving scheme Damaged status Not for loan Home library Current library Date acquired Total checkouts Full call number Barcode Date last seen Price effective from Koha item type
    Dewey Decimal Classification     DR AbdElwahab Library DR AbdElwahab Library 02/20/2026   253.901 م س ا 000022835 02/20/2026 02/20/2026 Books